| 000 | 01158cam a22002771i 4500 | ||
|---|---|---|---|
| 003 | SA-RiAUC | ||
| 005 | 20250625154908.0 | ||
| 008 | 250523s1995 su g f000 0 ara c | ||
| 020 | _a9960060454 | ||
| 040 |
_aSA-RiAUC _bara _cSA-RiAUC _erda |
||
| 082 | 0 | 4 |
_a330.121 _qSA-RiAUC |
| 090 |
_a330.121 _bق ح ف |
||
| 100 | 1 |
_aقحف، منذر، _d1940- _eمؤلف. |
|
| 245 | 1 | 2 |
_aالنصوص الاقتصادية من القرآن والسنة / _cمنذر قحف. |
| 250 | _aالطبعة الأولى. | ||
| 264 | 1 |
_aجدة، السعودية : _bجامعة الملك عبد العزيز، مركز النشر العلمي، _c1995 |
|
| 300 |
_a1023 صفحة ؛ _c24 سم. |
||
| 336 |
_aنص _btxt _2rdacontent _3كتاب |
||
| 337 |
_aبدون وسيط _bn _2rdamedia |
||
| 338 |
_aمجلد _bnc _2rdacarrier |
||
| 490 | 1 |
_aسلسلة أبحاث مركز الإقتصاد الإسلامي ؛ _v1 |
|
| 650 | 7 |
_aالاقتصاد الإسلامي _2aucsh |
|
| 830 | 0 |
_aسلسلة أبحاث مركز الاقتصاد الإسلامي (جامعة الملك عبد العزيز) _v1 |
|
| 942 |
_2ddc _cBOOK _n0 |
||
| 949 |
_aSA-JeALM _d250523 _umohamedma123 _n1 |
||
| 999 |
_c9185 _d9185 |
||